| 000 | 00000nam##2200000za#4500 |
| 001 | 9.676348 |
| 003 | CaOODSP |
| 005 | 20250403105601 |
| 007 | cr ||||||||||| |
| 008 | 150407|1990||||xxc|||||o f|0| 0 fre|d |
| 040 | |aCaOODSP|bfre |
| 041 | |aeng |
| 041 | |afre |
| 043 | |an-cn--- |
| 086 | 1 |aCS94-101/1990-PDF |
| 245 | 00|aProfils des minorités visibles et des autochtones : recensement de 1986, données-échantillon (20%) |h[ressource électronique] |
| 260 | |aOttawa - Ontario : |bStatistique Canada |c1990. |
| 500 | |aPublication du recensement historique numérisé par Statistique Canada. |
| 590 | |a13-07-Supp|b2013-03-25 |
| 710 | 2 |aStatistique Canada. |
| 791 | |tProfile of visible minorities and aboriginal peoples : 1986 census, 20% sample data |eeng|w(CaOODSP)9.676347 |
| 856 | 40|ahttp://publications.gc.ca|qPDF|s18.9 Mo|uhttps://publications.gc.ca/collections/collection_2013/statcan/rh-hc/CS94-101-1990.pdf |